Handbook of sociology of education / (Record no. 6462)

MARC details
000 -LEADER
fixed length control field 00545nam a2200193 4500
003 - CONTROL NUMBER IDENTIFIER
control field OSt
005 - DATE AND TIME OF LATEST TRANSACTION
control field 20200123101403.0
008 - FIXED-LENGTH DATA ELEMENTS--GENERAL INFORMATION
fixed length control field 200123b ||||| |||| 00| 0 eng d
020 ## - INTERNATIONAL STANDARD BOOK NUMBER
International Standard Book Number 0387325174
040 ## - CATALOGING SOURCE
Transcribing agency 040a
082 ## - DEWEY DECIMAL CLASSIFICATION NUMBER
Classification number 306.42
Item number HAN 2000
245 ## - TITLE STATEMENT
Title Handbook of sociology of education /
Statement of responsibility, etc. Maureen T. Hallinan
260 ## - PUBLICATION, DISTRIBUTION, ETC. (IMPRINT)
Place of publication, distribution, etc. New York
Name of publisher, distributor, etc. Springer
Date of publication, distribution, etc. 2000
300 ## - PHYSICAL DESCRIPTION
Extent xv,588p;
Dimensions 28cm.
504 ## - BIBLIOGRAPHY, ETC. NOTE
Bibliography, etc Includes bibliographical references and index
650 ## - SUBJECT ADDED ENTRY--TOPICAL TERM
Source of heading or term Educational sociology
700 ## - ADDED ENTRY--PERSONAL NAME
Relator code Hallinan, Maureen T.
942 ## - ADDED ENTRY ELEMENTS (KOHA)
Source of classification or shelving scheme Dewey Decimal Classification
Koha item type Open Shelf
Holdings
Withdrawn status Lost status Source of classification or shelving scheme Damaged status Not for loan Home library Current library Date acquired Source of acquisition Inventory number Total Checkouts Full call number Barcode Date last seen Price effective from Koha item type
    Dewey Decimal Classification     MUST Main Library MUST Main Library 23/01/2020 Purchase 2011/33703   306.42 HAN 2000 2020-0089 23/01/2020 23/01/2020 Open Shelf
    Dewey Decimal Classification     MUST Main Library MUST Main Library 17/01/2023 Purchase 15/39388   306.42 HAN 2000 2023-0006 17/01/2023 17/01/2023 Open Shelf